000 01597nam a22003017a 4500
001 7396
003 FISKH
005 20250711152636.0
008 250711b cb ||||| |||| 00| 0 eng d
020 _a9780439405621
040 _aFISKH
_beng
_cFISKH
_dFISKH
050 _a PZ7.L3274 B
082 _a813.54
100 _aLasky, Kathryn
245 _aThe burning /
_cBy Kathryn Lasky
250 _aFirst printing, November 2004
260 _aNew York :
_bScholastic ,
_c2004.
300 _a209 pages :
_billustrations , maps ;
_c20 cm .
490 _aGuardians of Ga'hoole
_vBook 6
505 _aS
520 _aFantasy. Juvenile Fiction. HTML:Soren and his band are sent to the mysterious Northern Kingdoms to gather allies and learn the art of war in preparation for the coming cataclysmic battle against the sinister Pure Ones. Meanwhile, in the Southern Kingdoms, St. Aggies has fallen to the Pure Ones and they are using its resources to plan a final invasion of The Great Ga'Hoole Tree. With the future of all Owldom in the balance, the parliament of Ga'Hoole must decide whether or not to join forces with the brutal Skench and Spoorn and the scattered remnants of St. Aggies who remain faithful to them. The coming conflagration will demand wisdom, bravery, and sacrifice from all the owls of the great tree, and from Soren and the band, nothing less than heroism.
521 8 _a800
_bLexile
521 8 _aS
_bRaz-Plus
650 _aGuardians of Ga'hoole
_vJuvenile Fiction
700 _aCowdrey, Richard
_eIllustrator
942 _2ddc
_cBK
_n0
999 _c7396
_d7396